000
00286nam a2200121Ia 4500
100
_a
#N/A
650
_a
ELECTRONICS
942
_c
BK
654
_a
advanced digital systems
245
_a
Advanced Digital Systems Experiments and concepts with CPLDs
260
_b
#N/A
546
_a
ENGLISH
999
_c
26964
_d
26964